| 000 | 01301cam a2200325 i 4500 | ||
|---|---|---|---|
| 001 | 15746799 | ||
| 003 | EG-ScBUE | ||
| 005 | 20240421100827.0 | ||
| 008 | 090521s2010 enk f b 001 0 eng d | ||
| 020 | _a9780415449106 (hardcover) | ||
| 040 |
_aDLC _beng _erda _cDLC _dDLC _dEG-ScBUE |
||
| 043 |
_aa-is--- _aa-le--- |
||
| 082 | 0 | 4 |
_a956.05 _222 _bISR |
| 245 | 0 | 0 |
_aIsrael and the Hizbollah : _ban asymmetric conflict in historical and comparitive perspective / _cedited by Clive Jones and Sergio Catignani. |
| 264 | 1 |
_aAbingdon, Oxon ; _aNew York : _bRoutledge, _c2010. |
|
| 300 |
_a202 pages ; _c24 cm |
||
| 336 |
_2rdacontent _atext _btxt |
||
| 337 |
_aunmediated _2rdamedia _bn |
||
| 338 |
_avolume _bnc _2rdacarrier |
||
| 504 | _aIncludes bibliographical references and index. | ||
| 610 | 2 | 7 |
_aHizballah (Lebanon) _2BUEsh _911988 |
| 650 | 7 |
_aAsymmetric warfare _zLebanon. _2BUEsh _911989 |
|
| 651 | 7 |
_aIsrael _xMilitary relations _zLebanon. _2BUEsh _911990 |
|
| 651 | 7 |
_aLebanon _xMilitary relations _zIsrael. _2BUEsh _911991 |
|
| 655 | _vReading book | ||
| 700 | 1 |
_aJones, Clive, _d1965- _eeditor. _911992 |
|
| 700 | 1 |
_aCatignani, Sergio, _eeditor. _911993 |
|
| 942 |
_2ddc _cBB |
||
| 999 |
_c13531 _d13531 |
||